| 000 | 01251nam2a22002651 4500 | ||
|---|---|---|---|
| 001 | RU\NLR\INFOCOMM29\5000100067 | ||
| 005 | 20250617034547.0 | ||
| 035 | _a(NLR Aleph) 002424045 | ||
| 090 |
_a1931653 _c1931653 |
||
| 100 | _a20050131d1888 |||y0rusy50 ca | ||
| 101 | 0 | _arus | |
| 102 | _aRU | ||
| 105 | _ay ||||000|y | ||
| 200 | 1 |
_aСмутное время на Руси _fА.Н. Овсянников |
|
| 210 |
_d1888 _aБ. м. |
||
| 423 | 0 |
_12001#$aДва стихотворения: 1. Народная песня о смутном времени и 2. Иван Сусанин _tДва стихотворения: 1. Народная песня о смутном времени и 2. Иван Сусанин |
|
| 461 | 0 |
_1001RU\NLR\INFOCOMM29\5000100010 _12001#$aЧитальня народной школы$eЖурнал с картинками$vГ.1 1888, Вып.8 _91931490 _cСПб. _d1888-1915 _nРед. журн. "Родник" _oЖурнал с картинками _tЧитальня народной школы _vГ.1 1888, Вып.8 |
|
| 700 | 1 |
_aОвсянников _bА.Н. _4070 |
|
| 801 | 1 |
_aRU _bInfoComm _c20050131 |
|
| 801 | 0 |
_aRU _bNLR _gPSBO |
|
| 852 |
_aNLR _j2/1731 |
||
| 942 | _cISSUE | ||
| 980 | _aNB | ||
| 980 | _aRUSPER | ||